| 000 | 00594nam a2200169 i 4500 | ||
|---|---|---|---|
| 001 | 90694 | ||
| 003 | ES-MaACL | ||
| 005 | 20230906180532.0 | ||
| 007 | t| | ||
| 008 | 050124s1903 fr ||||1| fre d | ||
| 100 | 1 |
_aLeibniz, Gottfried Wilhelm _cFreiherr von. _971367 |
|
| 245 | 1 | 0 |
_aOpuscules et fragments inédits de Leibniz / _cextraits des manuscrits de la Bibliothèque Royale de Hanovre par Louis Couturat. |
| 260 |
_aParis : _bFélix Alcan, _c1903 ( _eCoulommiers : _fPaul Brodard) |
||
| 300 |
_aXIV, 681 p. ; _c24 cm. |
||
| 700 | 1 |
_aCouturat, Louis. _941332 |
|
| 852 |
_aES-MaACL _jG-1252 |
||
| 999 |
_c90694 _d90694 |
||